Normal view MARC view

Entry Topical Term

Number of records used in: 1

001 - CONTROL NUMBER

  • control field: 247753

003 - CONTROL NUMBER IDENTIFIER

  • control field: OSt

005 - DATE AND TIME OF LATEST TRANSACTION

  • control field: 20251205094819.0

008 - FIXED-LENGTH DATA ELEMENTS

  • fixed length control field: 251205|| aca||aabn | a|a d

040 ## - CATALOGING SOURCE

  • Original cataloging agency: OSt
  • Transcribing agency: OSt

150 ## - HEADING--TOPICAL TERM

  • Topical term or geographic name entry element: Supervised learning

670 ## - SOURCE DATA FOUND

  • Source citation: Work cat.: (OSt)193946: Gulwani, Padam. 247751, Fundamentals of soft computing and intelligence system /, 2012.